Представление документа в формате RUSMARC

ПолеНазваниеЗначение
  Тип записи a
  Библиографический уровень m
001 Контрольный номер e3315ca83c2d4106b6cdbf038dda8e71
005 Дата корректировки 20230110142801.8
010 Индекс ISBN __
a ISBN 978-5-373-00934-8
b Уточнения в пер.
9 Тираж 25000 экз.
d Цена 250-00
100 Данные общей обработки __
a Данные общей обработки 20220517d2007 m y0rusy028902 ca
101 Язык документа 0_
a Язык текста rus
102 Страна публикации __
a Страна публикации RU
105 Кодированные данные (монография) __
a Кодированные данные (монография) ba z 000ay
181 Поле кодированных данных: вид содержания _0
a Код вида содержания (ISBD) i
182 Поле кодированных данных: тип средства _0
a Код типа средства (ISBD) n
200 Заглавие и сведения об ответственности 1_
a Заглавие Чингисхан. Неизвестная Азия
f Первые сведения об ответственности Александр Бушков
203 Вид содержания и тип средства __
a Вид содержания Текст
c Тип средства непосредственный
210 Выходные данные 1_
a Место издания Москва
c Издательство Нева
d Дата издания 2007
215 Физическое описание __
a Объем 541, [2] с.
d Формат 22 см
c Иллюстрации/тип воспроизводства ил., карты
320 Библиография __
a Библиография Библиография: с. 342-350
330 Аннотация __
a Аннотация В своей новой книге А. Бушков продолжает исследовать личность Сталина в последние десятилетия его жизни. Русские - это и есть тюрки! А точнее, одно из многочисленных тюркских племен, пришедших некогда из Азии. И в середине века на Руси исповедовали не христианство, а магометанство! И вообще, не только Россия, но и Европа родом из Азии! А Чингисхан - не только могущественный воин, герой и реформатор, но и наследник тысячелетних культур, существовавших в те времена, когда будущие "просвещенные" европейцы еще разгуливали в звериных шкурах и дубасили друг друга каменными топорами... Эти громкие заявления Александра Бушкова способны ошарашить любого, кто хоть мало-мальски знаком с традиционной историей России. Именно Чингисхан, по его мнению, показал всему миру настоящую Азию - не дурацкие необозримые степи, по которым носятся примитивные кочевники, а Великий континент, Великую цивилизацию, на просторах которой существовали могучие империи, опережавшие Европу по всем параметрам...
517 Другие варианты заглавия 1_
a Другие варианты заглавия Неизвестная Азия
600 Персоналии _0
a Персоналии (Фамилия) Чингисхан
f Даты 1155-1227
2 Код системы nlr_sh
606 Тематические рубрики __
a Основная рубрика Художественная литература
2 Код системы nlr_sh
606 Тематические рубрики __
a Основная рубрика Русская литература XX в. (произведения)
2 Код системы nlr_sh
610 Ключевые слова 0_
a Ключевые слова биографии
610 Ключевые слова 0_
a Ключевые слова документальные повести
610 Ключевые слова 0_
a Ключевые слова интриги
610 Ключевые слова 0_
a Ключевые слова исторические повести
610 Ключевые слова 0_
a Ключевые слова персоналии
610 Ключевые слова 0_
a Ключевые слова повести
610 Ключевые слова 0_
a Ключевые слова полководцы
610 Ключевые слова 0_
a Ключевые слова монгольские завоевания
610 Ключевые слова 0_
a Ключевые слова исторические личности
610 Ключевые слова 0_
a Ключевые слова исторические события
610 Ключевые слова 0_
a Ключевые слова завоеватели
610 Ключевые слова 0_
a Ключевые слова монголо-татарские нашествия
610 Ключевые слова 0_
a Ключевые слова монголо-татарское иго
610 Ключевые слова 0_
a Ключевые слова монгольские ханы
610 Ключевые слова 0_
a Ключевые слова монгольские правители
686 Индексы других классификаций __
2 Код системы rubbks
a Классификационный индекс 84(2=411.2)6-4; ст84(2=411.2)6-4
700 Автор _1
a Фамилия Бушков
b Имя А. А.
f Даты 1956-
g Полное личное имя Александр Александрович
4 Код отношения 070
801 Источник записи _0
a Страна RU
b Организация Муниципальное бюджетное учреждение культуры "Централизованная библиотечная система" г. Сургут (Центральная городская библиотека им. А. С. Пушкина)
c Дата составления 20220517
g Правила каталогизации PSBO
801 Источник записи _1
a Страна RU
b Организация Муниципальное бюджетное учреждение культуры "Централизованная библиотечная система" г. Сургут (Центральная городская библиотека им. А. С. Пушкина)
c Дата составления 20220517
g Правила каталогизации PSBO
852 Данные о местонахождении __
j Шифр хранения 84(2=411.2)6-4
i Авторский знак Б 94
900 Макрообъекты __
a Макрообъекты Чингисхан. Неизвестная Азия, 2007
901 Тип документа __
t Тип документа m
a Ответственный ООФиК/Волкова
903 Характеристики (МАРС) __
a Дата передачи 20220517
c Наименование библиотеки (МАРС) Муниципальное бюджетное учреждение культуры "Централизованная библиотечная система" г. Сургут (Центральная городская библиотека им. А. С. Пушкина)
990 Данные о заказе (DOS) __
j Количество экземпляров (DOS) 1
t N записи в КСУ для И/У (DOS) 202205